Truyện cổ Latvia = Latvian fairy tales

Na minha lista:
Detalhes bibliográficos
Formato: Livro
Idioma:Undetermined
Publicado em: Đà Nẵng Nxb. Đà Nẵng 1984
Assuntos:
Tags: Adicionar Tag
Sem tags, seja o primeiro a adicionar uma tag!
Thư viện lưu trữ: Trung tâm Học liệu Trường Đại học Cần Thơ
LEADER 00474nam a2200169Ia 4500
001 CTU_6259
008 210402s9999 xx 000 0 und d
082 |a 398.204917 
082 |b Tr527 
245 0 |a Truyện cổ Latvia 
245 0 |b = Latvian fairy tales 
245 0 |c Huỳnh Văn Hoa 
260 |a Đà Nẵng 
260 |b Nxb. Đà Nẵng 
260 |c 1984 
650 |a folk literature, latvian 
980 |a Trung tâm Học liệu Trường Đại học Cần Thơ